000 01049cam a22002651i 4500
003 SA-RiAUC
005 20251029122017.0
008 251022s2010____su g 00000 ara c
020 _a9786039019329
040 _aSA-RiIMS
_bara
_cSA-RiAUC
_erda
082 0 4 _a252.3
_qSA-RiAUC
090 _a252.3
_bن ف ي
100 1 _aالنفيسة، عبد الرحمن حسن،
_d1361 هجري-
_eمؤلف.
245 1 0 _aرسالة في فقه الصيام /
_cتأليف عبد الرحمن بن حسن النفيسة.
250 _aالطبعة السابعة.
264 1 _aالرياض :
_bمجلة البحوث الفقهية المعاصرة،
_c[2010]
300 _a55 صفحة ؛
_c16 سم.
336 _aنص
_btxt
_2rdacontent
_3كتاب
337 _aبدون وسيط
_bn
_2rdamedia
338 _aمجلد
_bnc
_2rdacarrier
490 0 _aإصدارات مجلة البحوث الفقهية المعاصرة ؛
_v31
650 7 _aالصوم (فقه إسلامي)
_2aucsh
942 _2ddc
_cBOOK
_n0
949 _aSA-JeALM
_d251022
_umohamedma123
_n1
999 _c12779
_d12779